<?xml version="1.0" encoding="UTF-8"?>
<record
    xmlns:xsi="http://www.w3.org/2001/XMLSchema-instance"
    xsi:schemaLocation="http://www.loc.gov/MARC21/slim http://www.loc.gov/standards/marcxml/schema/MARC21slim.xsd"
    xmlns="http://www.loc.gov/MARC21/slim">

  <leader>     nam a22     7a 4500</leader>
  <datafield tag="999" ind1=" " ind2=" ">
    <subfield code="c">336593</subfield>
    <subfield code="d">336593</subfield>
  </datafield>
  <controlfield tag="003">IT-MiCISF</controlfield>
  <controlfield tag="005">20170410120215.0</controlfield>
  <controlfield tag="008">170410b        xxu||||| |||| 00| 0 eng d</controlfield>
  <datafield tag="040" ind1=" " ind2=" ">
    <subfield code="c">IT-MiCISF</subfield>
  </datafield>
  <datafield tag="041" ind1=" " ind2=" ">
    <subfield code="a">it</subfield>
  </datafield>
  <datafield tag="100" ind1=" " ind2=" ">
    <subfield code="a">Savagnone Giuseppe</subfield>
    <subfield code="9">56201</subfield>
  </datafield>
  <datafield tag="245" ind1=" " ind2=" ">
    <subfield code="a">Il gender spiegato a un marziano</subfield>
  </datafield>
  <datafield tag="260" ind1=" " ind2=" ">
    <subfield code="a">Bologna</subfield>
    <subfield code="b">EDB</subfield>
    <subfield code="c">2016</subfield>
  </datafield>
  <datafield tag="300" ind1=" " ind2=" ">
    <subfield code="a">pp. 108</subfield>
  </datafield>
  <datafield tag="500" ind1=" " ind2=" ">
    <subfield code="a">differenza-sessuale, societ&#xE0;, cultura, madre-in-affitto, omosessualit&#xE0;</subfield>
  </datafield>
  <datafield tag="520" ind1=" " ind2=" ">
    <subfield code="a">Nell&#x2019;attuale contesto di contrapposizione, spesso estremizzata, tra chi dipinge la teoria del gender in toni apocalittici, esasperandone unilateralmente alcuni aspetti, e chi ne nega addirittura l&#x2019;esistenza, riconducendo il problema a un semplice rispetto dei diritti, il libro mostra l&#x2019;inadeguatezza di entrambe le posizioni andando direttamente alle fonti, costituite sia dagli studi di gender, sia da documenti ufficiali. Per evitare di ridurre la persona e la sessualit&#xE0; alla caricatura sbandierata dagli ultraconservatori e per non limitare la riflessione alla sola questione dei diritti, il libro cerca di fare luce sul rapporto tra natura umana e cultura, sul significato della corporeit&#xE0;, sull&#x2019;idea di uguaglianza, con particolare riferimento al problema della famiglia e della genitorialit&#xE0;.</subfield>
  </datafield>
  <datafield tag="650" ind1=" " ind2=" ">
    <subfield code="a">sessualit&#xE0;</subfield>
    <subfield code="9">56091</subfield>
  </datafield>
  <datafield tag="654" ind1=" " ind2=" ">
    <subfield code="a">saggio</subfield>
  </datafield>
  <datafield tag="942" ind1=" " ind2=" ">
    <subfield code="2">ddc</subfield>
    <subfield code="c">BK</subfield>
  </datafield>
  <datafield tag="952" ind1=" " ind2=" ">
    <subfield code="0">0</subfield>
    <subfield code="1">0</subfield>
    <subfield code="2">ddc</subfield>
    <subfield code="4">0</subfield>
    <subfield code="6">B_7317_000000000000000</subfield>
    <subfield code="7">1</subfield>
    <subfield code="a">CISF</subfield>
    <subfield code="b">CISF</subfield>
    <subfield code="d">2017-04-10</subfield>
    <subfield code="l">0</subfield>
    <subfield code="o">b7317</subfield>
    <subfield code="p">9788810140840</subfield>
    <subfield code="r">2017-04-10 00:00:00</subfield>
    <subfield code="w">2017-04-10</subfield>
    <subfield code="y">BK</subfield>
  </datafield>
</record>
